000
00315nam a2200109Ia 4500
008
200302s9999 xx 000 0 und d
100
_a
Hendrik Neubarer & Others
245
_a
Urban Design & the 20th Century Architecture
260
_b
h. f. ullmann is an imprint of tandem verlag
260
_c
2010
300
_a
432 P.,
999
_c
3015
_d
3015